Egypte / par A. P. De Sande e Castro.
محفوظ في:
المؤلف الرئيسي:
التنسيق: كتاب
اللغة: French
منشور في:
Paris :
A. Taffin-Lefort,
1901.
الموضوعات:
الوسوم: إضافة وسم
لا توجد وسوم, كن أول من يضع وسما على هذه التسجيلة!
رقم الطلب: DT55 .C37 1901
| LEADER | 00601nam a2200205Ia 4500 | ||
|---|---|---|---|
| 003 | OSt | ||
| 005 | 20260429120622.0 | ||
| 008 | 211223s1901 fr a b 000 0 fre | ||
| 040 | |c ARCE Library | ||
| 050 | 4 | |a DT55 .C37 1901 | |
| 100 | 1 | |a De Sande e Castro, A. P., |e author | |
| 245 | 1 | 0 | |a Egypte / |b par A. P. De Sande e Castro. |
| 264 | 1 | |a Paris : |b A. Taffin-Lefort, |c 1901. | |
| 300 | |a 504 pages : |b ill. ; |c 24 cm. | ||
| 504 | |a Includes bibliographical references. | ||
| 651 | 0 | |a Egypt |x History. | |
| 651 | 0 | |a Egypt |x Description and travel. | |
| 901 | |a reviewed | ||
| 942 | |2 lcc |c BK | ||
| 999 | |c 41158 |d 41158 | ||
